000
00310nam a2200133Ia 4500
005
20251222141929.0
008
251222s9999||||xx |||||||||||||| ||spa||
020
_a
978-950-07-3220-8
082
_a
269.82/P85
100
_a
Premat, Silvina
245
0
_a
Curas Villeros:
264
_b
Sudamericana
942
_c
LIB
999
_c
8955
_d
8955